书目信息 |
| 题名: |
车工应用代数和三角
|
|
| 作者: | 陈家芳 , 钟云芳 编 | |
| 分册: | ||
| 出版信息: | 上海 上海科学技术出版社 1970 |
|
| 页数: | 78页 | |
| 开本: | 19cm | |
| 丛书名: | ||
| 单 册: | ||
| 中图分类: | TG51 | |
| 科图分类: | ||
| 主题词: | 车削--基本知识 | |
| 电子资源: | ||
| ISBN: | ||
| 000 | 00715nam0 2200253 45 | |
| 001 | 0182011373 | |
| 005 | 20070802104509.39 | |
| 010 | @dCNY0.17 | |
| 091 | @a15171.15 | |
| 100 | @a19950526d1970 em y0chiy0121 ea | |
| 101 | 0 | @achi |
| 102 | @aCN@b310000 | |
| 105 | @ay z 000yy | |
| 200 | 10 | @a车工应用代数和三角@Ache gong ying yong dai shu he san jiao@f陈家芳,钟云芳编@Fchen jia fang,zhong yun fang bian |
| 205 | @a新1版 | |
| 210 | @a上海@c上海科学技术出版社@d1970 | |
| 215 | @a78页@d19cm | |
| 606 | @a车削@x基本知识 | |
| 690 | @aTG51@v3 | |
| 701 | 0 | @a陈家芳@Achen jia fang@4编 |
| 701 | 0 | @a钟云芳@Azhong yun fang@4编 |
| 801 | 0 | @aCN@bTSSF@c20070802 |
| 801 | 2 | @aCN@bNLC@c20060726 |
| 905 | @dTG51@e39 | |
| 车工应用代数和三角/陈家芳,钟云芳编.-新1版.-上海:上海科学技术出版社,1970 |
| 78页;19cm |
| ISBN :CNY0.17 |
| ● |
| 相关链接 |
|
|
|
|
正题名:车工应用代数和三角
索取号:TG51/39
 
预约/预借
| 序号 | 登录号 | 条形码 | 馆藏地/架位号 | 状态 | 备注 |
| 1 | 0790662 | 207906621 | 密集书库/ [索取号:TG51/39] | 在馆 | |
| 2 | 0790663 | 207906630 | 密集书库/ [索取号:TG51/39] | 在馆 |